Приложения к повесткам заседаний секретариата ЦИК СССР, доклад ОГПУ и прокуратуры Верховного суда о результатах по борьбе с конт...

Доступно только в Электронных читальных залах Найти на картеНа карте
RUSMARC
00004490nac2a22003013x 450
001b1ff6a24-9fc5-46d3-822e-d64ebb1e7a5f
00520220118081344.0
100##$a20211217l19291929k y0rusy50 ca
1010#$arus
102##$aRU
105##$ay z |||a|
1222#$ad19290131
$ad19290531
2001#$aПриложения к повесткам заседаний секретариата ЦИК СССР, доклад ОГПУ и прокуратуры Верховного суда о результатах по борьбе с контрабандистами, проект положения о правах иностранцев и другие
$jЯнварь-май 1929
215##$a49 листов
251##$cДело
300##$aЗаголовок дела на папке отсутствует
300##$aНа папке дела: 1929
300##$aМашинописный и рукописный текст
324##$aВ деле имеются копии отдельных документов
330##$aВходит в раздел описи: 1929 год. Секретариат президиума
461#0$1001796d4672-8a00-4986-b488-6e42273792cc
$12001
$aЦЕНТРАЛЬНЫЙ ИСПОЛНИТЕЛЬНЫЙ КОМИТЕТ СССР (ЦИК СССР)
$1251
$cФонд
$1852
$j3316
$gР
462#0$10011cce310e-0954-4fdc-88db-4979285f4890
$12001
$aФинансовое Управление ЦИК СССР. 1923-1930 гг.
$vД. 419
$1251
$cОпись
$1852
$j16
$gа
60101$3RU\NLR\AUTH\880357276
$aСССР
$bЦИК
60101$3RU\NLR\AUTH\66817586
$aСССР
$bОбъединенное государственное политическое управление
$c1921 - 1937
60101$3RU\NLR\AUTH\8821515
$aСССР
$bПрокуратура
801#0$aRU
$bGA_RF
801#1$aRU
$bГлавНИВЦ
$c20211217
$2rusmarc
801#2$aRU
$bПБ им. Б.Н. Ельцина
$c20220118
$gRCR
$2rusmarc
852##$aГА РФ
$j419
937##$d172791597
$hГАРФ
035##$aRuPRLIB51064514
856##$uhttp://readingroom.main.prlib.ru/item.aspx?id_node=n172791597&mode=full
Формат отображения